Find the Greek Gods Quiz Stats

Quiz Updated Dec 17, 2015

Challenge
Share
Tweet
Score 0/14 Timer 03:00
4 Plays Today
% Correct
Poseidon
90.5%
Zeus
88%
Hades
84.6%
Hermes
82.9%
Hera
82.1%
Ares
80.9%
Athena
79.3%
% Correct
Hephaestus
76.3%
Dionysus
75.1%
Aphrodite
74.8%
Artemis
71.8%
Demeter
70.5%
Hestia
70%
Apollo
59.3%

You're not logged in!

Compare scores with friends on all Sporcle quizzes.
Sign Up with Email
OR
Log In

You Might Also Like...

Show Comments

Extras

Top Quizzes Today


Score Distribution

Your Account Isn't Verified!

In order to create a playlist on Sporcle, you need to verify the email address you used during registration. Go to your Sporcle Settings to finish the process.